[Event "POL-ch U13 Girls Qual"]
[Site "Jastrzebia Gora"]
[Date "2021.11.16"]
[Round "3"]
[White "Branka, Julia"]
[Black "Wesolowska, Liliana"]
[Result "0-1"]
[WhiteElo "1200"]
[BlackElo "1067"]
[PlyCount "156"]
[EventDate "2021.11.15"]
[EventType "swiss"]
[EventRounds "9"]
[EventCountry "POL"]
[SourceTitle "EXT 2023"]
[Source "ChessBase"]
[SourceDate "2022.10.05"]
[SourceVersion "1"]
[SourceVersionDate "2022.10.05"]
[SourceQuality "1"]

1. d4 d5 2. c4 c6 3. Nc3 Nf6 4. Nf3 e6 5. Bg5 Be7 6. e3 h6 7. Bh4 a6 8. cxd5 Nxd5 9. Bxe7 Qxe7 10. Bd3 Nd7 11. 0-0 Nxc3 12. bxc3 b5 13. a4 Nb6 14. Ne5 Bb7 15. Be4 Nxa4 16. Bxc6+ Bxc6 17. Nxc6 Qd6 18. Ne5 Nxc3 19. Qf3 0-0 20. Rfc1 f6 21. Rxc3 fxe5 22. Qe4 exd4 23. Rc6 Qd5 24. Rxe6 Qxe4 25. Rxe4 dxe3 26. fxe3 Rf6 27. Rb4 Re6 28. Kf2 Rf8+ 29. Ke2 Rfe8 30. Ra3 g5 31. Kf3 Kg7 32. e4 g4+ 33. Kf4 Kg6 34. Re3 h5 35. h4 gxh3 36. gxh3 Rf8+ 37. Kg3 Kg5 38. h4+ Kh6 39. Rf3 Rg6+ 40. Kf2 Rgf6 41. Rxf6+ Rxf6+ 42. Ke3 Kg6 43. e5 Re6 44. Ke4 Rb6 45. Kd5 a5 46. Rb1 b4 47. Kc5 Rb8 48. Kc4 Kf5 49. Re1 b3 50. e6 Kf6 51. e7 Kf7 52. e8Q+ Rxe8 53. Rxe8 Kxe8 54. Kxb3 Kf7 55. Ka4 Kf6 56. Kxa5 Kf5 57. Kb5 Kg4 58. Kc4 Kxh4 59. Kd3 Kg3 60. Ke2 Kg2 61. Ke3 h4 62. Ke4 h3 63. Ke5 h2 64. Kd4 h1Q 65. Ke5 Qh4 66. Kd5 Kf3 67. Ke5 Qe4+ 68. Kd6 Qf5 69. Kc6 Qa5 70. Kd6 Ke4 71. Kc6 Kd4 72. Kd6 Qd5+ 73. Kc7 Qe6 74. Kb7 Kc5 75. Ka7 Qb6+ 76. Ka8 Qb5 77. Ka7 Kc6 78. Ka8 Qb7# 0-1